2026 FIFA World Cup ALL TEAMS - Statistics

General Stats
  • This quiz has been taken 69 times
  • The average score is 41 of 48
Answer Stats
Group Team % Correct
Group A Mexico
98%
Group D United States
98%
Group B Canada
95%
Group G Iran
95%
Group C Morocco
95%
Group B Switzerland
95%
Group C Brazil
93%
Group I France
93%
Group K Portugal
93%
Group A South Africa
93%
Group A South Korea
93%
Group F Sweden
93%
Group J Argentina
91%
Group D Australia
91%
Group B Bosnia*
91%
Group L England
91%
Group I Iraq
91%
Group F Japan
91%
Group I Norway
91%
Group E Germany
89%
Group H Saudi Arabia
89%
Group J Algeria
86%
Group L Croatia
86%
Group B Qatar
86%
Group H Spain
86%
Group K Colombia
84%
Group A Czech Republic
84%
Group E Ecuador
84%
Group G Egypt
84%
Group G New Zealand
84%
Group D Paraguay
84%
Group G Belgium
82%
Group E Curacao
82%
Group C Scotland
82%
Group I Senegal
82%
Group D Turkey
82%
Group J Austria
80%
Group L Ghana
80%
Group C Haiti
80%
Group F Netherlands
80%
Group H Uruguay
80%
Group K DR Congo
75%
Group J Jordan
75%
Group K Uzbekistan
75%
Group H Cape Verde
73%
Group E Ivory Coast
73%
Group F Tunisia
73%
Group L Panama
70%
No matching quizzes found
Score Distribution
Percent of People with Each Score
Percentile by Number Answered
Your Score History
You have not taken this quiz